| 000 | 00821nas a2200253 4500 | ||
|---|---|---|---|
| 001 | BR2014003508 | ||
| 003 | BR-BrBNA | ||
| 005 | 20231205124114.0 | ||
| 007 | ta | ||
| 008 | 230509b bl.|||p| |||| 00| 00por d | ||
| 040 |
_aBR-BrBNA _bpor _cBiblioteca Nacional de Agricultura |
||
| 041 | _a(En) | ||
| 072 | _aH10 | ||
| 100 | 1 | _aMilléo, J. | |
| 100 | 1 | _aFernandes, F.S. | |
| 100 | 1 | _aGodoy, W.A.C. | |
| 245 | 1 | _aComparative demography of the exotic Harmonia axyridis with other aphidophagous coccinellids reared on artificial diet | |
| 650 | _aJOANINHA | ||
| 650 | _aCYCLONEDA SANGUINEA | ||
| 650 | _aCONTROLE BIOLÓGICO | ||
| 773 | 0 |
_tPesquisa Agropecuária Brasileira (Brazil) _xISSN 0100-204X _g(Jan 2014), v. 49(1) p. 1-10 _wBR2014003508 |
|
| 909 |
_a202311 _bLúcia _c55 _dLúcia Elande |
||
| 942 |
_2AGRIS _n0 _cANA |
||
| 999 |
_c237323 _d237323 |
||